Imaging picture test for the MRCPCH (Record no. 5086)

MARC details
000 -LEADER
fixed length control field 00516nam a22002057a 4500
003 - CONTROL NUMBER IDENTIFIER
control field OSt
005 - DATE AND TIME OF LATEST TRANSACTION
control field 20160823173221.0
008 - FIXED-LENGTH DATA ELEMENTS--GENERAL INFORMATION
fixed length control field 160823b xxu||||| |||| 00| 0 eng d
020 ## - INTERNATIONAL STANDARD BOOK NUMBER
International Standard Book Number 0443064458
040 ## - CATALOGING SOURCE
Transcribing agency DMN
050 ## - LIBRARY OF CONGRESS CALL NUMBER
Classification number WS100 W72i 2000
100 ## - MAIN ENTRY--PERSONAL NAME
Personal name Winrow, A.P.
9 (RLIN) 10914
245 ## - TITLE STATEMENT
Title Imaging picture test for the MRCPCH
260 ## - PUBLICATION, DISTRIBUTION, ETC. (IMPRINT)
Place of publication, distribution, etc. Indinburgh; Elsevier, 2000
300 ## - PHYSICAL DESCRIPTION
Extent vi, 205p; ill: 24cm
504 ## - BIBLIOGRAPHY, ETC. NOTE
Bibliography, etc I ndex included
650 ## - SUBJECT ADDED ENTRY--TOPICAL TERM
Topical term or geographic name as entry element Imaging
9 (RLIN) 3879
650 ## - SUBJECT ADDED ENTRY--TOPICAL TERM
Topical term or geographic name as entry element Radiology
9 (RLIN) 47
942 ## - ADDED ENTRY ELEMENTS (KOHA)
Source of classification or shelving scheme Other/Generic Classification Scheme
Koha item type Open Shelf
Holdings
Withdrawn status Lost status Source of classification or shelving scheme Damaged status Not for loan Home library Current library Date acquired Source of acquisition Inventory number Total Checkouts Total Renewals Barcode Date last seen Date last checked out Koha item type
    Other/Generic Classification Scheme     MUST Main Library MUST Main Library 23/08/2016   10/32091 1 1 2016-3838 23/09/2016 23/08/2016 Open Shelf